L'Institut del Teatre : 1913-1988 : història gràfica / Guillem-Jordi Graells ; presentacions, Manuel Royes i Vila, Marta Mata i Garriga 1913-1988 :
ISBN:
84-7794-126-2
Descripción Física:
235 p. : principalment il., negre i col. ; 33 x 33 cm
MARC
| LEADER | 00000nam a2200000Ia 4500 | ||
|---|---|---|---|
| 001 | 9209 | ||
| 008 | 160829s1990 xx 000 0 cat d | ||
| 020 | |a 84-7794-126-2 | ||
| 080 | |a FOL-1-37 | ||
| 100 | |a Graells, Guillem-Jordi, |d 1950- |9 28834 | ||
| 245 | |a L'Institut del Teatre : |b 1913-1988 : |b història gràfica / Guillem-Jordi Graells ; presentacions, Manuel Royes i Vila, Marta Mata i Garriga | ||
| 260 | |a Barcelona : |b Diputació de Barcelona. Institut del Teatre, |c 1990 | ||
| 300 | |a 235 p. : |b principalment il., negre i col. ; |c 33 x 33 cm | ||
| 650 | |a Institut del Teatre (Barcelona) |x Història |x 1913/1988 |9 28835 | ||
| 700 | 1 | |a Royes, Manuel, |d 1940- |9 28836 | |
| 700 | 1 | |a Mata, Marta, |d 1926-2006 |9 28831 | |
| 710 | 1 | |a Institut del Teatre (Barcelona, Catalunya) |9 52662 | |
| 901 | |a Arxiu | ||
| 942 | |n 1 | ||
| 952 | |0 0 |1 0 |4 0 |6 FOL137 |7 1 |9 44955 |a Arxiu |b Arxiu |d 2016-12-01 |l 0 |o FOL-1-37 |p 9209 |r 2016-12-01 00:00:00 |w 2016-12-01 |y ARXIU | ||
| 999 | |c 47554 |d 47554 | ||